Las necesidades de agua de los cultivos
Saved in:
| Main Authors: | , |
|---|---|
| Format: | Bog |
| Sprog: | spansk |
| Udgivet: |
Roma
FAO
1984
|
| Serier: | Estudios FAO: Riego y Drenaje, 24
|
| Fag: | |
| Tags: |
Tilføj Tag
Ingen Tags, Vær først til at tagge denne postø!
|
MARC
| LEADER | 00000nam a2200000 a 4500 | ||
|---|---|---|---|
| 001 | UCV7131 | ||
| 003 | CL-VaPUC | ||
| 008 | 880719e19840000IT |||||||||||||||||spa|d | ||
| 082 | 0 | 4 | |a 631.62 |b DOO |2 21 |
| 100 | 0 | |a Doorenbos, J |e author |9 301157 | |
| 700 | 0 | |a Pruitt, W. O |e author |9 301158 | |
| 245 | 1 | 4 | |a Las necesidades de agua de los cultivos |
| 300 | |a 194 p | ||
| 942 | |c BK | ||
| 945 | |d 19880719 00:00:00 |a mfernand | ||
| 260 | |a Roma |b FAO |c 1984 | ||
| 650 | 0 | |a Agua |9 257149 | |
| 650 | 0 | |a Agricultura |9 255598 | |
| 650 | 0 | |a Agua de riego |9 260487 | |
| 583 | |a last modification |c 20180514 10:54:23 |k Rodrigo Vera | ||
| 490 | 0 | |a Estudios FAO: Riego y Drenaje, 24 | |
| 999 | |c 212864 |d 212862 | ||